| 000 | 00367nam a22001217a 4500 | ||
|---|---|---|---|
| 999 |
_c5455 _d5455 |
||
| 008 | 250918b ||||| |||| 00| 0 eng d | ||
| 020 | _a9781529013061 | ||
| 082 | _aFIC LEO | ||
| 100 |
_aLEONARD,M.G. _eAUTHOR _lENGLISH |
||
| 245 | _aTHE HIGHLAND FALCON THIEF | ||
| 260 |
_aTHE SMITHSON,6 B riset STREET,LONDON EC1M 5NR _bMACMILLAN PUBLISHERS LIMITED _c2020 |
||
| 942 | _2ddc | ||